1077 1988 1182 1152 1570 1355 1355 1282 1382 1507 1409 1668 1483 1310 1514 1936 1822 1435 1521 1935 1645 1976 1780 1797 1732 1907 1548 1799 1378 1705 1852 1484 1563 1677 1507 1174 1902 1152 1408 1844 1252 1280 1323 1831 1187 1594 1175 1712 1998 1821 2000 1656 1145 1583 1756 1694 1175 1809 1052 1200 1174 1278 1873 1087 1378 1374 1904 1280 1839 1604 1289 1603 1271 1965 1050 1563 1959 1575 1832 1702 1571 1589 1106 1525 1732 1540 1425 1487 1554 1019 1615 1830 1425 1406 1067 1467 1184 1112 1926 BCNSPRNW ULIB Ver.6.0+V

เปลี่ยนเป็นภาษาไทย

Change to English
 แสดงรายละเอียดบรรณานุกรม
  กลับหน้าหลัก

Brief Record : Get Marc (ISO 2709) : E-mail record : QR code < ปิดหน้าต่าง
LEADER : 00000nam 2200000uu 4500
001    13399120049
003     ULIB
008    020711s2552 th a 000 0 tha d
020    9786165000086
090    นว.^bร147บ
100    ร่มแก้ว
245    แม่น้ำนี้ชื่อนิจนิรันดร์ /^cร่มแก้ว
260     กรุงเทพฯ^bพิมพ์คำ,^c2552
300    318 หน้า
945    ^p220^l0^i16288
999    ^aทศพร เกษรทอง
รายการนี้ยังไม่มีแท็ก
คุณยังไม่ได้ล็อกอิน คุณสามารถมีกิจกรรมร่วมกับเว็บไซต์ได้ แต่ต้องล็อกอินก่อน ::
  ล็อกอิน

รายการสื่อสารสนเทศ

ลำดับที่ ประเภท เลขเรียก/บาร์โค้ด สถานที่ สถานะ
1. นวนิยาย
นวนิยาย
นว. ร147บ ฉ.1 
  Barcode: 16288
ห้องสมุดวิทยาเขตสวรรค์ประชารักษ์
►นวนิยาย
บนชั้น
  ขอยืม

รายการใกล้เคียง
    ผู้แต่ง [ร่มแก้ว]

BibComment


ยังไม่เคยถูกคอมเมนท์

คอมเมนท์ทรัพยากรรายการนี้
  คอมเมนท์: แม่น้ำนี้ชื่อนิจน..


 Copyright 2026. Bcnsprnw @Library